| 000 | 00871nam a2200301Ia 4500 | ||
|---|---|---|---|
| 001 | Para_1807 | ||
| 003 | CHAP | ||
| 008 | 220125s1993 xx 000 0 und d | ||
| 010 | _a200458 | ||
| 040 | _cCHAP | ||
| 082 | _aPA 630.0182 M2 1993 | ||
| 100 |
_aMead, R. _973779 |
||
| 245 |
_aStadistical methods in agriculture and experimental biology / _c by R. Mead, R.N. Curnow and A.M. Hasted |
||
| 250 | _a2a. | ||
| 260 |
_aLondon : _b Chapmon & Hall |
||
| 300 | _a415 p. | ||
| 650 |
_aAgricultura _x experimentación _91476 |
||
| 650 |
_aAgricultura _x métodos estadísticos _91745 |
||
| 700 |
_aCurnow, R.N. _930528 |
||
| 700 |
_aHasted, A.M. _953050 |
||
| 901 | _aPA 630.0182 M2 1993 | ||
| 902 | _aA | ||
| 905 | _a0000001993 0000000000 00 | ||
| 910 | _a1993 | ||
| 942 | _cPARA | ||
| 942 |
_cPARA _d1 |
||
| 999 |
_c200458 _d200458 |
||